[Event "Titled Tuesday intern op 03rd Jan Late"]
[Site "Chess.com INT"]
[Date "2025.06.03"]
[Round "6"]
[White "Bogaudinov, Rushan"]
[Black "Ersoz, Teoman Guney"]
[Result "1/2-1/2"]
[WhiteElo "1912"]
[BlackElo "2090"]
[PlyCount "85"]
[EventDate "2025.06.03"]
[EventType "swiss (blitz)"]
[EventRounds "11"]
[EventCountry "USA"]
[SourceTitle "CB24_2025"]
[SourceDate "2025.06.11"]
[SourceVersion "1"]
[SourceVersionDate "2025.06.11"]
[SourceQuality "1"]

1. d4 Nf6 2. Nf3 g6 3. g3 Bg7 4. Bg2 d5 5. 0-0 0-0 6. b3 c5 7. e3 Nc6 8. Bb2 Ne4 9. c3 Bg4 10. Nbd2 Qd7 11. Qc2 cxd4 12. Nxd4 Nxd2 13. Qxd2 e5 14. Nxc6 bxc6 15. c4 Rfd8 16. cxd5 cxd5 17. Rac1 Bh3 18. Bxh3 Qxh3 19. Rc7 d4 20. exd4 exd4 21. Rd1 h5 22. Qf4 Qe6 23. Qf3 Qd5 24. Qxd5 Rxd5 25. Rd3 Be5 26. Rc4 Rad8 27. Kg2 a5 28. h4 Kg7 29. Kf3 f5 30. a4 Kf7 31. Bc1 Rb8 32. Bf4 Bxf4 33. Kxf4 Rbd8 34. Rc6 R5d7 35. Kg5 Rd6 36. Rc5 Rd5 37. Rc6 R8d6 38. Rc4 Rd7 39. Rc6 R7d6 40. Rc7+ Rd7 41. Rc6 R5d6 42. Rc5 Rd5 43. Rc6 1/2-1/2

[Event "Titled Tuesday intern op 03rd Jan Late"]
[Site "Chess.com INT"]
[Date "2025.06.03"]
[Round "2"]
[White "Bogaudinov, Rushan"]
[Black "Shandrygin, Nikita"]
[Result "1/2-1/2"]
[WhiteElo "1912"]
[BlackElo "2209"]
[PlyCount "148"]
[EventDate "2025.06.03"]
[EventType "swiss (blitz)"]
[EventRounds "11"]
[EventCountry "USA"]
[SourceTitle "CB24_2025"]
[SourceDate "2025.06.11"]
[SourceVersion "1"]
[SourceVersionDate "2025.06.11"]
[SourceQuality "1"]

1. e4 c5 2. Nf3 e6 3. g3 Nc6 4. Bg2 d5 5. exd5 exd5 6. 0-0 Bg4 7. h3 Bh5 8. g4 Bg6 9. d4 cxd4 10. Nxd4 Bc5 11. Nb3 Bb6 12. Nc3 Nge7 13. Nxd5 Nxd5 14. Bxd5 0-0 15. Bxc6 bxc6 16. Qxd8 Raxd8 17. c3 Rd3 18. Kg2 f5 19. f3 fxg4 20. hxg4 h5 21. g5 Re8 22. Nd4 c5 23. Nb3 h4 24. Bf4 c4 25. Nd4 Bxd4 26. cxd4 Rxd4 27. Bc7 Bf5 28. Rf2 Kf7 29. Ba5 Kg6 30. Bc3 Rd3 31. Kh2 Ree3 32. Raf1 a6 33. a3 Be6 34. Kg2 Bd5 35. Kh2 Bxf3 36. Bd2 Re2 37. Bc3 Rxf2+ 38. Rxf2 Kxg5 39. Bxg7 Kg4 40. Bc3 h3 41. Rd2 Re3 42. Rf2 Be4 43. Rd2 Rd3 44. Re2 Kf4 45. Rf2+ Rf3 46. Rxf3+ Kxf3 47. Bg7 Ke2 48. Bh8 Bf5 49. Bc3 Kd3 50. Bf6 Kc2 51. Bc3 Kd3 52. Bf6 Be6 53. Bc3 Ke4 54. Bg7 Kd5 55. Bc3 Kc6 56. Bb4 Kb5 57. Bc3 Ka4 58. Bd4 Kb3 59. Bc3 a5 60. Be5 Kc2 61. Bc3 Kb1 62. Be5 Kc2 63. Bc3 Kd3 64. Bf6 Ke4 65. Bc3 Kf5 66. Bd4 Kg6 67. Bc3 Kh7 68. Bd4 a4 69. Bc3 Kg6 70. Bd4 Kf5 71. Bc3 Ke4 72. Bf6 Kd3 73. Bc3 Kc2 74. Bf6 Kb3 1/2-1/2

[Event "Titled Tuesday intern op 03rd Jan Late"]
[Site "Chess.com INT"]
[Date "2025.06.03"]
[Round "4"]
[White "Kleiman, Jake"]
[Black "Bogaudinov, Rushan"]
[Result "1-0"]
[WhiteElo "2399"]
[BlackElo "1912"]
[PlyCount "101"]
[EventDate "2025.06.03"]
[EventType "swiss (blitz)"]
[EventRounds "11"]
[EventCountry "USA"]
[SourceTitle "CB24_2025"]
[SourceDate "2025.06.11"]
[SourceVersion "1"]
[SourceVersionDate "2025.06.11"]
[SourceQuality "1"]

1. h4 d5 2. d4 c5 3. e3 Nc6 4. Nc3 e6 5. Nf3 Nf6 6. a3 a6 7. dxc5 Bxc5 8. b4 Be7 9. h5 h6 10. Bb2 e5 11. Be2 Bg4 12. Nd2 Be6 13. Bf3 Rc8 14. Nb3 0-0 15. Na4 a5 16. b5 Na7 17. Bxe5 Nxb5 18. Nd4 Nxd4 19. Bxd4 Ne4 20. Bxe4 dxe4 21. Nc3 Bf6 22. Nxe4 Bxd4 23. Qxd4 Qxd4 24. exd4 Rxc2 25. 0-0 Rc4 26. Nd6 Rxd4 27. Nxb7 Ra8 28. Rfd1 Rxd1+ 29. Rxd1 Bg4 30. Rd5 a4 31. Nc5 Ra5 32. f3 Be6 33. Rd8+ Kh7 34. Nxe6 fxe6 35. Rd4 Kg8 36. g4 Kf7 37. Kf2 Kf6 38. Rb4 g6 39. hxg6 Kxg6 40. Kg3 h5 41. Kh4 hxg4 42. fxg4 Kf6 43. Kg3 Kg5 44. Kf3 Rc5 45. Rxa4 Rc3+ 46. Ke4 Kxg4 47. Ke5+ Kf3 48. Kxe6 Ke3 49. Kd5 Rc8 50. Rc4 Kd3 51. Rxc8 1-0

[Event "Titled Tuesday intern op 01st Apr Late"]
[Site "Chess.com INT"]
[Date "2025.04.01"]
[Round "4"]
[White "Bogaudinov, Rushan"]
[Black "De Boer, Eelke"]
[Result "0-1"]
[WhiteElo "1912"]
[BlackElo "2412"]
[PlyCount "90"]
[EventDate "2025.04.01"]
[EventType "swiss (blitz)"]
[EventRounds "11"]
[EventCountry "USA"]
[SourceTitle "CB15_2025"]
[SourceDate "2025.04.09"]
[SourceVersion "1"]
[SourceVersionDate "2025.04.09"]
[SourceQuality "1"]

1. e4 d5 2. exd5 Qxd5 3. Nc3 Qa5 4. d4 Nf6 5. Nf3 Bf5 6. Bd2 c6 7. Bc4 e6 8. 0-0 Be7 9. Nd5 Qd8 10. Nxe7 Qxe7 11. h3 0-0 12. a4 Nbd7 13. a5 a6 14. Re1 Qd6 15. Bg5 Ne4 16. Be3 Rad8 17. Nh4 Bg6 18. Nxg6 hxg6 19. Qf3 Nef6 20. c3 Nd5 21. Bg5 Rc8 22. b4 N7f6 23. Bb3 Rfe8 24. Rac1 e5 25. dxe5 Rxe5 26. Bh4 Rce8 27. Red1 Qe6 28. Bg3 Rf5 29. Qd3 Nh5 30. Bh2 Qf6 31. g4 Nhf4 32. gxf5 Nxd3 33. Rxd3 Qxf5 34. Rcd1 Nf4 35. Bxf4 Qxf4 36. Rd7 Rf8 37. R1d3 Kh7 38. Rxb7 Qf5 39. Bc4 Re8 40. Rg3 Re1+ 41. Kg2 Qe4+ 42. Rf3 Qxc4 43. Rfxf7 Qd5+ 44. f3 Qg5+ 45. Kf2 Qg1# 0-1

[Event "Titled Tuesday intern op 01st Apr Late"]
[Site "Chess.com INT"]
[Date "2025.04.01"]
[Round "2"]
[White "Bogaudinov, Rushan"]
[Black "Sidhant, Mohapatra"]
[Result "1-0"]
[WhiteElo "1912"]
[BlackElo "2371"]
[PlyCount "121"]
[EventDate "2025.04.01"]
[EventType "swiss (blitz)"]
[EventRounds "11"]
[EventCountry "USA"]
[SourceTitle "CB21_2025"]
[SourceDate "2025.05.21"]
[SourceVersion "1"]
[SourceVersionDate "2025.05.21"]
[SourceQuality "1"]

1. g3 d5 2. Bg2 c6 3. d4 Nf6 4. Nf3 Bf5 5. 0-0 Nbd7 6. b3 e6 7. Bb2 h6 8. c4 Bd6 9. Nc3 0-0 10. e3 Qe7 11. a3 a5 12. c5 Bc7 13. b4 e5 14. dxe5 Nxe5 15. Nxe5 Bxe5 16. Na4 Be4 17. Bxe5 Qxe5 18. Nb6 Ra6 19. Qd4 Qf5 20. f3 Bc2 21. Rf2 Bb3 22. Bf1 Ra7 23. Bd3 Qe6 24. b5 Re8 25. Re1 Nd7 26. Bb1 a4 27. Nxd7 Qxd7 28. Qd3 g6 29. b6 Ra5 30. Qd4 Qe7 31. Qf4 Kg7 32. h4 Rxc5 33. h5 Rc4 34. e4 Qf6 35. Rfe2 Qxf4 36. gxf4 dxe4 37. hxg6 fxg6 38. fxe4 Rc3 39. Kf2 Bc4 40. Re3 Rb3 41. Rxb3 Bxb3 42. e5 Be6 43. Rg1 Bf7 44. f5 g5 45. e6 Bg8 46. Rd1 Re7 47. Rd4 Kf6 48. Rxa4 Bh7 49. Ra5 h5 50. a4 g4 51. Rc5 h4 52. a5 h3 53. Kg3 Kg5 54. Be4 Re8 55. a6 bxa6 56. b7 Rb8 57. Bxc6 Bxf5 58. e7 Kf6 59. Rxf5+ Kxf5 60. e8Q Rxe8 61. Bxe8 1-0

[Event "Titled Tuesday intern op 01st Apr Late"]
[Site "Chess.com INT"]
[Date "2025.04.01"]
[Round "11"]
[White "Janaszak, Dawid"]
[Black "Bogaudinov, Rushan"]
[Result "0-1"]
[WhiteElo "2306"]
[BlackElo "1912"]
[PlyCount "60"]
[EventDate "2025.04.01"]
[EventType "swiss (blitz)"]
[EventRounds "11"]
[EventCountry "USA"]
[SourceTitle "CB21_2025"]
[SourceDate "2025.05.21"]
[SourceVersion "1"]
[SourceVersionDate "2025.05.21"]
[SourceQuality "1"]

1. e4 c5 2. b4 cxb4 3. Bb2 d5 4. exd5 Qxd5 5. Nf3 Nc6 6. d4 Bg4 7. Be2 Nf6 8. c4 bxc3 9. Nxc3 Qa5 10. d5 Rd8 11. 0-0 Nxd5 12. Nxd5 Rxd5 13. Qb3 e6 14. Qxb7 Qb6 15. Qxb6 axb6 16. Rfc1 Bc5 17. Bb5 Bxf2+ 18. Kxf2 Rxb5 19. Rxc6 Rxb2+ 20. Kg3 Bxf3 21. Rc8+ Ke7 22. Rxh8 Bxg2 23. a4 Be4 24. Rb8 g5 25. a5 Rg2+ 26. Kh3 h5 27. a6 f6 28. Rb7+ Kd6 29. Rxb6+ Ke5 30. Ra5+ Kf4 0-1

[Event "Titled Tuesday intern op 25th Feb Early"]
[Site "Chess.com INT"]
[Date "2025.02.25"]
[Round "2"]
[White "Deveci, Huseyin Said"]
[Black "Bogaudinov, Rushan"]
[Result "0-1"]
[WhiteElo "2225"]
[BlackElo "1912"]
[PlyCount "80"]
[EventDate "2025.02.25"]
[EventType "swiss (blitz)"]
[EventRounds "11"]
[EventCountry "USA"]
[SourceTitle "CB10_2025"]
[SourceDate "2025.03.05"]
[SourceVersion "1"]
[SourceVersionDate "2025.03.05"]
[SourceQuality "1"]

1. Nf3 d5 2. c4 dxc4 3. Nc3 e6 4. a4 Nf6 5. e4 Nc6 6. Bxc4 Bb4 7. e5 Nd7 8. d4 0-0 9. 0-0 Na5 10. Bd3 h6 11. Ne4 Re8 12. Nfg5 Nf8 13. Qh5 hxg5 14. Bxg5 Be7 15. Rad1 Bxg5 16. Nxg5 g6 17. Qh4 Nc6 18. Be4 f5 19. exf6 Qxf6 20. Rd3 Qg7 21. Rf3 Re7 22. Re1 Bd7 23. d5 Nd4 24. Rg3 Rae8 25. d6 cxd6 26. Bd3 Nf5 27. Qg4 Nxg3 28. hxg3 e5 29. Bc4+ Be6 30. Nxe6 Nxe6 31. f4 Qf6 32. fxe5 dxe5 33. Rf1 Qg7 34. Re1 Kh8 35. Qh4+ Qh7 36. Qf6+ Ng7 37. Kf2 e4 38. Rh1 e3+ 39. Ke2 Qxh1 40. Qxg6 Qxg2+ 0-1

[Event "Titled Tuesday intern op 25th Feb Early"]
[Site "Chess.com INT"]
[Date "2025.02.25"]
[Round "3"]
[White "Souleidis, Georgios"]
[Black "Bogaudinov, Rushan"]
[Result "0-1"]
[WhiteElo "2418"]
[BlackElo "1912"]
[PlyCount "48"]
[EventDate "2025.02.25"]
[EventType "swiss (blitz)"]
[EventRounds "11"]
[EventCountry "USA"]
[SourceTitle "CB10_2025"]
[SourceDate "2025.03.05"]
[SourceVersion "1"]
[SourceVersionDate "2025.03.05"]
[SourceQuality "1"]

1. e4 a6 2. d4 e6 3. Bd3 b5 4. Nh3 Bb7 5. 0-0 c5 6. c3 d5 7. e5 Nc6 8. Be3 Qc7 9. f4 cxd4 10. cxd4 Nh6 11. Nc3 Be7 12. Rc1 Rc8 13. f5 Qb6 14. Kh1 Nxe5 15. Bxh6 Nxd3 16. Bxg7 Nxc1 17. Bxh8 b4 18. Qxc1 bxc3 19. bxc3 Qb5 20. fxe6 fxe6 21. Re1 Qd3 22. Nf4 Qxc3 23. Qb1 Bc6 24. Be5 Kd7 0-1

[Event "Titled Tuesday intern op 04th Feb Late"]
[Site "Chess.com INT"]
[Date "2025.02.04"]
[Round "10"]
[White "Bogaudinov, Rushan"]
[Black "Bianchi, Albino Angel"]
[Result "1-0"]
[WhiteElo "1932"]
[BlackElo "1968"]
[PlyCount "63"]
[EventDate "2025.02.04"]
[EventType "swiss (blitz)"]
[EventRounds "11"]
[EventCountry "USA"]
[SourceTitle "CB07_2025"]
[SourceDate "2025.02.12"]
[SourceVersion "1"]
[SourceVersionDate "2025.02.12"]
[SourceQuality "1"]

1. e4 c5 2. Nf3 e6 3. g3 Nc6 4. Bg2 Nf6 5. d3 g6 6. 0-0 Bg7 7. Nc3 0-0 8. Bg5 h6 9. Be3 d6 10. Qd2 Ng4 11. h3 Nxe3 12. fxe3 Bd7 13. Rab1 e5 14. Nd5 Be6 15. c4 f5 16. exf5 gxf5 17. Nh4 Qg5 18. Kh2 Rf7 19. b4 Raf8 20. bxc5 dxc5 21. Qe2 e4 22. Nf4 exd3 23. Qxd3 Ne5 24. Nxe6 Nxd3 25. Nxg5 hxg5 26. Ng6 b6 27. Nxf8 Kxf8 28. Rbd1 Ne5 29. Rd8+ Ke7 30. Ra8 Kd6 31. Bd5 Re7 32. Rxf5 1-0

[Event "Titled Tuesday intern op 04th Feb Late"]
[Site "Chess.com INT"]
[Date "2025.02.04"]
[Round "11"]
[White "Bogaudinov, Rushan"]
[Black "Williams, Oscar"]
[Result "1/2-1/2"]
[WhiteElo "1932"]
[BlackElo "2066"]
[PlyCount "116"]
[EventDate "2025.02.04"]
[EventType "swiss (blitz)"]
[EventRounds "11"]
[EventCountry "USA"]
[SourceTitle "CB07_2025"]
[SourceDate "2025.02.12"]
[SourceVersion "1"]
[SourceVersionDate "2025.02.12"]
[SourceQuality "1"]

1. e4 c5 2. Nf3 d6 3. d4 cxd4 4. Nxd4 Nf6 5. Nc3 Nc6 6. Nxc6 bxc6 7. Bd3 e5 8. b3 Be7 9. Bb2 0-0 10. 0-0 Be6 11. Na4 Qc7 12. c4 Rfd8 13. Rc1 Rac8 14. Qe2 Nd7 15. f4 exf4 16. Rxf4 Ne5 17. Bb1 Bg5 18. g3 Qe7 19. Rcf1 Bxf4 20. gxf4 Bh3 21. fxe5 Bxf1 22. Kxf1 dxe5 23. Nc3 Qg5 24. Nd5 cxd5 25. exd5 f6 26. Qf2 Qg4 27. Bf5 Qd1+ 28. Kg2 Rc7 29. Ba3 Qh5 30. Be6+ Kh8 31. d6 Rcd7 32. c5 Qg6+ 33. Kf1 Qd3+ 34. Kg2 Qe4+ 35. Kf1 Qb1+ 36. Kg2 Qe4+ 37. Kg3 Qg6+ 38. Kf3 Qd3+ 39. Qe3 Qf1+ 40. Kg3 f5 41. Qxe5 Qg1+ 42. Kh3 Qf1+ 43. Kh4 Qf2+ 44. Qg3 Qd4+ 45. Kh3 f4 46. Qg4 Qe3+ 47. Kh4 Qe5 48. Bxd7 Qe1+ 49. Kh3 Qe3+ 50. Kh4 Qe1+ 51. Kh5 Qe5+ 52. Qg5 Qe2+ 53. Bg4 Qe8+ 54. Kh4 Qe1+ 55. Kh3 Qf1+ 56. Kh4 Qe1+ 57. Kh5 Qe8+ 58. Kh4 Qe1+ 1/2-1/2

[Event "Titled Tuesday intern op 04th Feb Late"]
[Site "Chess.com INT"]
[Date "2025.02.04"]
[Round "8"]
[White "Hernandez Bermudez, Ulises Eduardo"]
[Black "Bogaudinov, Rushan"]
[Result "0-1"]
[WhiteElo "2042"]
[BlackElo "1932"]
[PlyCount "72"]
[EventDate "2025.02.04"]
[EventType "swiss (blitz)"]
[EventRounds "11"]
[EventCountry "USA"]
[SourceTitle "CB07_2025"]
[SourceDate "2025.02.12"]
[SourceVersion "1"]
[SourceVersionDate "2025.02.12"]
[SourceQuality "1"]

1. e4 d6 2. d4 Nf6 3. Nc3 g6 4. f4 Bg7 5. Nf3 0-0 6. Bd3 a6 7. 0-0 b5 8. Ne2 Bb7 9. e5 Nd5 10. b3 c5 11. Bb2 Ne3 12. Qd2 Nxf1 13. Rxf1 cxd4 14. Bxd4 Nc6 15. Bb2 dxe5 16. Nxe5 Nxe5 17. fxe5 Qb6+ 18. Kh1 Rad8 19. Qf4 Qc6 20. Rf2 e6 21. Ng3 Qc5 22. Rf1 Rd7 23. h4 h5 24. Qg5 Rxd3 25. cxd3 Qc2 26. Ne4 Bxe4 27. dxe4 Qxb2 28. g4 Qxe5 29. gxh5 Qxg5 30. hxg5 gxh5 31. Rd1 Be5 32. Kg2 Kg7 33. Kh3 Kg6 34. Kh4 Rc8 35. Rd2 Rc1 36. Rd8 Rh1# 0-1

[Event "Titled Tuesday intern op 04th Feb Late"]
[Site "Chess.com INT"]
[Date "2025.02.04"]
[Round "6"]
[White "Qin, Kevin"]
[Black "Bogaudinov, Rushan"]
[Result "0-1"]
[WhiteElo "2017"]
[BlackElo "1932"]
[PlyCount "136"]
[EventDate "2025.02.04"]
[EventType "swiss (blitz)"]
[EventRounds "11"]
[EventCountry "USA"]
[SourceTitle "CB07_2025"]
[SourceDate "2025.02.12"]
[SourceVersion "1"]
[SourceVersionDate "2025.02.12"]
[SourceQuality "1"]

1. d4 g6 2. c4 Bg7 3. Nc3 d6 4. e4 Nf6 5. h3 c6 6. Bg5 Nbd7 7. Nf3 a6 8. Be2 b5 9. cxb5 cxb5 10. a3 Bb7 11. Bd3 0-0 12. 0-0 Rc8 13. Rc1 e5 14. d5 h6 15. Be3 Kh7 16. Nd2 Nh5 17. g3 Nc5 18. Be2 Nf6 19. b4 Ncd7 20. f4 exf4 21. gxf4 Ng8 22. Qb3 Qh4 23. Kh2 f5 24. Nf3 Qe7 25. Nd2 Ngf6 26. Bf3 fxe4 27. Ndxe4 Nxe4 28. Nxe4 Nf6 29. Nxf6+ Qxf6 30. Rce1 Rc3 31. Qb2 Rfc8 32. Rf2 Qh4 33. Qd2 Rc2 34. Qxc2 Rxc2 35. Rxc2 Qxe1 36. Bf2 Qe7 37. Kg2 h5 38. Re2 Qd7 39. Re6 Qf7 40. Be4 Bc8 41. Rxd6 Bf5 42. Bf3 Qe7 43. Bc5 Be4 44. Re6 Bxf3+ 45. Kxf3 Qf7 46. Rxa6 g5 47. Rd6 Qxf4+ 48. Ke2 Be5 49. Rd7+ Kg6 50. d6 Qe4+ 51. Kd2 Qf4+ 52. Ke2 Qh2+ 53. Kd1 Qh1+ 54. Kc2 Qg2+ 55. Kd1 Qxh3 56. Re7 Qd3+ 57. Ke1 Bc3+ 58. Kf2 g4 59. d7 Qf3+ 60. Kg1 Qg3+ 61. Kf1 Qf4+ 62. Kg1 Qc1+ 63. Kg2 Qd2+ 64. Kg1 h4 65. Re6+ Kf5 66. Rd6 Qe1+ 67. Kh2 Be5+ 68. Kg2 h3# 0-1